English constitutional law /

Bibliografske podrobnosti
Glavni avtor: Wade, E. C. S. (Emlyn Capel Stewart)
Drugi avtorji: Phillips, G. Godfre
Format: Knjiga
Jezik:English
Izdano: Islamabad, Pakistan : PLD Publishers, 2007.
Izdaja:New rev. ed.
Teme:
Classic Catalogue: View this record in Classic Catalogue
LEADER 01517nam a2200277 a 4500
001 0020120
003 BD-DhAAL
008 100420s2007 pk b 000 0 eng d
040 |a DLC  |c DLC  |d DLC  |d BD-DhAAL 
082 0 0 |a 342.41  |2 22 
100 1 |a Wade, E. C. S.  |q (Emlyn Capel Stewart).  |9 59013 
245 1 0 |a English constitutional law /  |c E. C. S. Wade and G. Godfrey Phillips. 
250 |a New rev. ed. 
260 |a Islamabad, Pakistan :  |b PLD Publishers,  |c 2007. 
300 |a vi, 235 p. ;  |c 24 cm 
504 |a Includes bibliographical references. 
526 |a SOL  |x K. Shamsuddin Mahmood Professor and Dean School of Law BRAC University 
541 1 |e 0020120  |a Anupam Gyan Bhandar 
650 0 |a Constitutional law  |z Great Britain. 
650 0 |a  Administrative law  |z Great Britain.  |9 59014 
700 1 |a Phillips, G. Godfre.  |9 59015 
852 4 |a Ayesha Abed Library  |c General Stacks 
942 |2 ddc  |c BK 
999 |c 8171  |d 8171 
952 |0 0  |1 0  |2 ddc  |4 0  |6 342_410000000000000_WAD_2007  |7 0  |9 9326  |a BRACUL  |b BRACUL  |c GEN  |d 2010-04-20  |e Anupam Gyan Bhandar  |g 320.00  |l 3  |m 24  |o 342.41 WAD  |p 3010020120  |r 2025-07-07  |s 2025-01-22  |t 1  |v 640.00  |w 2010-04-20  |y BK  |x Requisitioned by K. Shamsuddin Mahmood, Professor and Dean, School of Law, BRAC University 
952 |0 0  |1 0  |2 ddc  |4 0  |6 342_410000000000000_WAD_2007  |7 0  |9 9327  |a BRACUL  |b BRACUL  |c GEN  |d 2010-04-20  |e Anupam Gyan Bhandar  |g 320.00  |l 4  |m 19  |o 342.41 WAD  |p 3010020121  |r 2023-05-05  |s 2023-01-30  |t 2  |v 640.00  |w 2010-04-20  |y BK  |x Requisitioned by K. Shamsuddin Mahmood, Professor and Dean, School of Law, BRAC University